00480 2200193 4500001002100000005001500021035002000036245002800056100001900084250001200103300002700115260002900142082000800171084001400179020002200193008003900215990001600254990001600270INLIS00000000000195020191017022045 a0010-10190001441 aPeter /cRisa Saraswati0 aRisa Saraswati aCet1.-- aviii+176 ;c14 x 20 cm aJakarta :bBukune,c2016 a813 a813 RIS p a978-602-220-188-5191017 | | |  a00000001679 a00000001679